Интеграция дополненной реальности и беспроводных технологий для контроля и визуализации параметров технологического процесса; Молодежь и современные информационные технологии

Podrobná bibliografie
Parent link:Молодежь и современные информационные технологии.— 2024.— С. 394-397
Hlavní autor: Гительман В. С.
Další autoři: Курганов В. В. Василий Васильевич
Shrnutí:В настоящей работе описывается возможность применения беспроводного протокола интернета вещей MQTT в целях визуализации данных технологического процесса посредством инструментов дополненной реальности. На примере существующей системы автоматического регулирования температуры разработано приложение в среде Unity, позволяющее получать с датчиков параметры технологического процесса и воздействовать на систему с помощью задания уставок
Текстовый файл
Jazyk:ruština
Vydáno: 2024
Edice:Цифровой дизайн и VR технологии
Témata:
On-line přístup:http://earchive.tpu.ru/handle/11683/84864
Médium: MixedMaterials Elektronický zdroj Kapitola
KOHA link:https://koha.lib.tpu.ru/cgi-bin/koha/opac-detail.pl?biblionumber=675664

MARC

LEADER 00000naa2a2200000 4500
001 675664
005 20250226140011.0
090 |a 675664 
100 |a 20241017d2024 k||y0rusy50 ca 
101 0 |a rus 
102 |a RU 
135 |a drbn ---uucaa 
200 1 |a Интеграция дополненной реальности и беспроводных технологий для контроля и визуализации параметров технологического процесса  |f Гительман В. С., Курганов В. В. 
225 1 |a Цифровой дизайн и VR технологии 
283 |2 RDAcarrier 
320 |a Список использованных источников: 5 назв 
330 |a В настоящей работе описывается возможность применения беспроводного протокола интернета вещей MQTT в целях визуализации данных технологического процесса посредством инструментов дополненной реальности. На примере существующей системы автоматического регулирования температуры разработано приложение в среде Unity, позволяющее получать с датчиков параметры технологического процесса и воздействовать на систему с помощью задания уставок 
336 |a Текстовый файл 
463 |0 674802  |9 674802  |c Томск  |d 2024  |n Изд-во ТПУ  |o сборник трудов XXI Международной научно-практической конференции студентов, аспирантов и молодых ученых, 15–18 апреля 2024 г., Томск  |t Молодежь и современные информационные технологии  |u conference_tpu-2024-C04.pdf  |v С. 394-397  |f ред. кол. А. С. Фадеев, Н. Г. Марков, В. Г. Спицын [и др.] 
610 1 |a электронный ресурс 
610 1 |a труды учёных ТПУ 
610 1 |a дополненная реальность 
610 1 |a AR-приложение 
610 1 |a MQTT 
700 1 |a Гительман  |b В. С. 
701 1 |a Курганов  |b В. В.  |c специалист в области информатики и вычислительной техники  |c доцент Томского политехнического университета, кандидат технических наук  |f 1964-  |g Василий Васильевич  |9 12432 
801 0 |a RU  |b 63413507  |c 20241017 
850 |a 63413507 
856 4 |u http://earchive.tpu.ru/handle/11683/84864  |z http://earchive.tpu.ru/handle/11683/84864 
942 |c CF